Reliez le chanteur français à sa chanson #2 - Statistiques

Statistiques générales
  • Ce quiz a été pris 1 507 fois
  • Le résultat moyen est 15 sur 20
Statistiques - réponses
Hint Réponse % Correct
Marc Lavoine Elle a les yeux révolver
90%
Michel Sardou Les lacs du Connemara
87%
Christophe Maé On s'attache
87%
Grégoire Toi + Moi
86%
Patrick Bruel Place des grands hommes
83%
Claude François Comme d'habitude
82%
Julien Doré Paris-Seychelles
82%
Florent Pagny Ma liberté de penser
81%
Renan Luce La lettre
80%
Keen'V Outété
79%
Nino Ferrer Le Sud
75%
Pascal Obispo Lucie
75%
Laurent Voulzy Belle-Île-en-mer, Marie-Gallante
72%
M Pokora Juste une photo de toi
71%
Dave Du côté de chez Swann
68%
Julien Clerc Ma préférence
64%
Jacques Dutronc Il est cinq heures, Paris s'éveille
63%
Jean Ferrat La montagne
63%
Michel Delpech Pour un flirt
63%
Pierre Bachelet Elle est ailleurs
52%
Aucun quiz correspondant
Distribution des résultats
% des personnes avec chaque résultat
Percentile par nombre de réponses
Votre historique - résultats
Vous n’avez pas pris ce quiz